书目信息 |
| 题名: |
动物行为学
|
|
| 作者: | 尚玉昌 编著 | |
| 分册: | ||
| 出版信息: | 北京 北京大学出版社 2014.09 |
|
| 页数: | 460页 | |
| 开本: | 20cm | |
| 丛书名: | ||
| 单 册: | ||
| 中图分类: | Q958.12-43 | |
| 科图分类: | ||
| 主题词: | 动物生态学 , 动物地理学 | |
| 电子资源: | ||
| ISBN: | 978-7-301-24847-8 | |
| 000 | 00609nam0 2200217 45 | |
| 001 | 2158946597 | |
| 005 | 20210406163711.72 | |
| 010 | @a978-7-301-24847-8@dRMB 69.00 | |
| 100 | @a20210406d2014 km y0chiy0120 ea | |
| 101 | 0 | @achi |
| 102 | @aCN@b110000 | |
| 200 | 1 | @a动物行为学@Adong wu xing wei xue@f尚玉昌编著@Fshang yu chang bian zhu |
| 205 | @a2版 | |
| 210 | @a北京@c北京大学出版社@d2014.09 | |
| 215 | @a460页@d20cm | |
| 606 | 0 | @a动物生态学 |
| 606 | 0 | @a动物地理学 |
| 690 | @aQ958.12-43@v4 | |
| 701 | 0 | @a尚玉昌@Ashang yu chang@4编著 |
| 801 | 0 | @aCN@bPFT@c20210406 |
| 905 | @a10447@dQ958.12-43@eS312=2 | |
| 动物行为学/尚玉昌编著.-2版.-北京:北京大学出版社,2014.09 |
| 460页;20cm |
| ISBN 978-7-301-24847-8:RMB 69.00 |
| ● |
| 相关链接 |
|
|
|
正题名:动物行为学
索取号:Q958.12-43/S312=2
 
预约/预借
| 序号 | 登录号 | 条形码 | 馆藏地/架位号 | 状态 | 备注 |
| 1 | 1504942 | 215049427 | 生命科学与工程学院资料室/ [索取号:Q958.12-43/S312=2] | 在馆 |